Гардена Максимилиана, издателя журнала "Будущее"

Доступно только в Электронных читальных залах Найти на картеНа карте
RUSMARC
00004081nac2a22003011x 450
001f75b4695-b08f-4fcf-9013-5a6590fd7bf1
00520131219120437.0
100##$a20130529l1892 k y0rusy50 ca
1010#$ager
102##$aRU
105##$ay z |||||
1220#$ad18920906
2001#$aГардена Максимилиана, издателя журнала "Будущее"
$j6 сентября 1892
215##$a2 листа
251##$cДело
300##$aЗаголовок дела на папке: Письмо Гардена (Harden) Максимилиана Кони А. Ф.
300##$aНа немецком языке
300##$aЧасть документов рукописная, часть - напечатана типографским способом
330##$aПереписка А. Ф. Кони; Письма к А. Ф. Кони
461#0$10013a54f2e3-e9cf-409b-80fa-f0a9bd3c40cb
$12001
$aКони Анатолий Федорович, юрист, литератор, член академии наук, председатель Санкт-Петербургского окружного суда, член государственного совета
$1251
$cФонд
$1852
$j564
462#0$100178a475cd-a47d-4377-bff3-cee4b81de655
$12001
$aОпись дел фонда А. Ф. Кони за 1880-1931 гг.
$1251
$cОпись
$1852
$j1
517##$aПисьмо Гардена (Harden) Максимилиана Кони А. Ф.
600#1$aКони
$bА. Ф.
$f1844-1927
$gАнатолий Федорович
600#1$aГарден
$bМ.
$gМаксимилиан
60102$a"Будущее" (Die Zukunft), журнал
801#0$aRU
$bGA_RF
801#1$aRU
$bНПО Опыт
$c20130529
$2rusmarc
801#2$aRU
$bПБ им. Б.Н. Ельцина
$c20131219
$gRCR
$2rusmarc
852##$aГА РФ
$j1495
937##$d42312122
$hПБ
035##$aRuPRLIB51002408
Формат отображения